Statistiken für Musiker aus Bremen

Klicken Sie hier um das Quiz zu spielen!

Allgemein

  • Dieses Quiz wurde 42 mal gespielt
  • Das Durchschnittsergebnis liegt bei 2 aus 25

Antwortstatistiken

SongsMusiker/Band% Korrekt
Ich hab Polizei | Menschen Leben Tanzen Welt Jan Böhmermann
61%
Ein Schiff wird kommen | Lili MarleenLale Andersen
37%
Coco Jamboo | I Give You My HeartMr. President
32%
Lebenslang Grün-Weiß | Das W auf dem TrikotOriginal Deutschmacher
21%
Einsamer Hirte | BiscayaJames Last
18%
Thekenmädchen | Hoch die KrügeVersengold
13%
Löppt | Gröön un WittDe fofftig Penns
11%
Hör den Kindern einfach zu | I Can’t Live Without MusicCorinna May
5%
Hohe Tannen | Kleine AnnabellRonny
5%
Ohne Sinn | Dein FahrerSero el Mero
5%
Zurück | Hinter dem BurnoutFlo Mega
3%
Moin Moin | Immer dannJokA
3%
Tequila | Meine GeschichteShiml
3%
Die Alten | Back To The RootsColdmirror (FreshD)
0%
Durstige Männer | Die Besten trinken ausDimple Minds
0%
Bitte... wer? | BalanceDJ Stylewarz
0%
Urlaub am Attersee | DamenwahlFlowinImmO
0%
Cross The Cross | Era BorealisMantar
0%
Daily Routines | SunsetOliver Schories
0%
Out Of Sight, Out Of Mind | WaitingPaloma & The Matches
0%
Anna | Verschwende meine ZeitPaulsrekorder
0%
Santa Barbara | CameraRhonda
0%
Singularity | WirStephan Bodzin
0%
Schall | StellaThomas Schumacher (Elektrochemie LK)
0%
Sommersonne | NachtfahrtZentrifugal
0%

Verteilung der Resultate

Perzentil nach korrekt beantworteten Fragen

Anzahl Personen mit jedem Resultat

Ihre Resultats-Entwicklung

Sie haben dieses Quiz noch nicht gespielt